000 00339 a2200157 4500
001 56566
020 _a853225182x
040 _cAnchieta - Pituba
100 _aPeixoto, Francisco Balthar
240 1 0 _aA tulipa negra
_lpor
245 1 0 _aA tulipa negra
300 _a176
362 0 _a2004
650 4 _aLiteratura juvenil
942 _cBK
999 _c56566
_d56566